00903cam a2200253 a 450000100060000000300080000600500170001400800390003102000160007003500190008604000270010504100080013208200290014024500820016926000470025130000250029850000510032350400290037465000370040370000310044094200120047199900170048395201490050035080BD-RjUL20211209052245.0140520s1989 ii b 000 0 eng a8185119465  a(BD-RjUL)35174 aDLCcDLCdBD-RjULbeng aeng a338.9540091734bRUR 198900aRural industrialisation :bchallenges and perspectives /cedited by T.M. Dak. aNew Delhi :bNorthern Book Centre,cc1989. axv, 222 p. ;c25 cm. aContributed articles; with reference to India. aIncludes bibliographies. 0aRural industrieszIndia.91068041 aDak, T. M.,d1936-9106805 2ddccBK c35080d35080 00102ddc40718NFICaRUCLbRUCLcReadingd1990-05-23eKarim Int.g205.00l0o338.9540091734 RUR 1989r2014-05-20 00:00:00tC-1w2014-05-20yBK